000 01125naa a22003137a 4500
001 BR9101128
003 BR-BrBNA
005 20240918180642.0
007 ta
008 230509b bl.||||| |||| 00| 0 por d
040 _aBR-BrBNA
_bpor
_cBiblioteca Nacional de Agricultura
041 _a(Pt)
072 _aM12
_b8310
090 _aM12 BR9101128
100 1 _aAndreatta, E.R.
100 1 _aBeltrame, E.
100 1 _aSilva, I.D.
100 1 _aCerqueira, V.R.
100 1 _aLuglio, M.P.
111 1 _a2. Seminario sobre Ciencias do Mar
_cFlorianopolis, SC (Brazil)
_d3-4 Dec 1987
245 1 _aAlimentacao de post-larvas de Penaeus paulensis (Perez Farfante, 1967). Estudo de dieta artificial
260 3 _aFlorianopolis, SC (Brasil):
_c1989.
500 _aAnais do 2. Seminario sobre Ciencias do Mar da UFSC Florianopolis, SC (Brasil): 1989. p. 101-106 (BR9101128-AM)M12
650 _aCAMARAO
650 _aDIETA
773 0 _tAnais do 2. Seminario sobre Ciencias do Mar da UFSC
_wM12 BR9101128
_gFlorianopolis, SC (Brasil), 1989. p. 101-106
909 _a202404
_bLucia
_c55
_dLucia Elande
942 _cAM
_2AGRIS
999 _c321515
_d321515